Statistiques concernant Les pays méditerranéens

Cliquez ici pour prendre le quiz!

Statistiques générales

  • Ce quiz a été pris 39 296 fois
  • Le résultat moyen est 18 sur 21

Statistiques - réponses

Pays% Correct
Italie
98%
Espagne
97%
France
97%
Grèce
96%
Maroc
96%
Tunisie
95%
Algérie
95%
Égypte
94%
Turquie
92%
Croatie
87%
Libye
85%
Malte
83%
Chypre
82%
Albanie
82%
Israël
80%
Liban
72%
Syrie
68%
Monaco
67%
Bosnie-Herzégovine
67%
Monténégro
65%
Slovénie
63%

Distribution des résultats

Percentile par nombre de réponses

% des personnes avec chaque résultat

Votre développement - résultats

Vous n’avez pas pris ce quiz